00381nam a2200109Ia 4500020001900000100002400019245005100043942000800094008004100102999001700143952011100160 a9781422230411" aESHERICK JOAN 9684 0aLIVING WITH SPECIAL NEED: PHYSICAL CHALLENGES  cBK 210805s9999 xx 000 0 und d c52373d52372 00102ddc4070aMAFELbMAFELcCHILDd2025-01-22i33228017974245l0pLIB04931r2025-01-22w2025-01-22yBK